| 000 | 00754cam a2200253 a 4500 | ||
|---|---|---|---|
| 001 | 000018308 | ||
| 003 | UkOxU | ||
| 005 | 20200929165440.0 | ||
| 008 | 840524s1966 it af 000 0 ita d | ||
| 010 | _a72324653 | ||
| 035 | _a9919827 | ||
| 040 |
_aDO-SdBNP _bBNPHU _cCarP |
||
| 082 |
_a949.509 _bC419s |
||
| 100 | 1 |
_aCervi, Mario _939649 |
|
| 245 | 1 | 0 |
_aStoria della guerra di Grecia / _cMario Cervi. |
| 260 |
_aMilano : _bArnoldo Mondadori, _c1966. |
||
| 300 |
_a381 p. : _bil. ; _c19 cm. |
||
| 490 | 1 |
_aOscar mondadori ; _v8481 |
|
| 651 | 4 |
_aGrecia _xHistoria _92389 |
|
| 650 | 4 |
_aGuerra mundial ii, 1939-1945 _xCampaƱas _zGrecia _939650 |
|
| 830 | 0 |
_aOscar Mondadori ; _v8481 _939651 |
|
| 910 | _aCatalogación por derivada /Oxford | ||
| 049 | _aBNGR | ||
| 999 |
_c17829 _d17829 |
||